header

The animal girl (Record no. 1928)

MARC details
000 -LEADER
fixed length control field 01350nam a2200337 a 4500
082 04 - DEWEY DECIMAL CLASSIFICATION NUMBER
Classification number 813/.6
100 1# - MAIN ENTRY--AUTHOR NAME
Personal name Fulton, John,
245 14 - TITLE STATEMENT
Title The animal girl
260 ## - PUBLICATION, DISTRIBUTION, ETC. (IMPRINT)
Place of publication Baton Rouge :
Name of publisher Louisiana State University Press,
Year of publication c2007.
300 ## - PHYSICAL DESCRIPTION
Number of Pages 174 p.
490 1# - SERIES STATEMENT
Series statement Yellow shoe fiction
505 0# - FORMATTED CONTENTS NOTE
Formatted contents note Hunters -- Real grief -- The animal girl -- A small matter -- The sleeping woman.
856 40 - ELECTRONIC LOCATION AND ACCESS
Uniform Resource Identifier http://site.ebrary.com/lib/rucke/Doc?id=10285378

No items available.

© 2026 Rongo University
Contact us: librarian | system librarian | Rongo university